00632nam a2200169 a 450000100100000000500170001000800410002704000250006808200130009324500990010626000720020530000200027749000150029783000210031295201120033399900170044500003020720200930060131.0110504s1994 dr 000 0 spa d aDO-SdBNPbspacBNPHU axxxbE5600aEncuentros de organizaciones populares :bPropuestas de reformas políticas /cRamonina Brea. aSantiago de los Caballeros, República Dominicana :bPUCMM,c1994. a27 p. ;c21 cm.1 aDocumentos 0aDocumentos91047 00107-18PDaPDbPDcOId2011-05-04iLF1l0oxxx E56p30207-10r2020-06-25w2020-06-25yLFPDZNo se presta c29699d29699